Public works and employment from the local government point of view ; a report of the W. E. Upjohn Institute for Community Research /

Bibliographic Details
Corporate Author: W.E. Upjohn Institute for Employment Research
Format: Book
Language:English
Published: Chicago : Public Administration Service, 1955.
Subjects:

MARC

Tag First Indicator Second Indicator Subfields
LEADER 00000cam a2200000 4500
001 in00000069164
005 20151008051406.0
008 741017s1955 ilu b 00000 eng u
010 |a  55010722  
035 |a (OCoLC)01042986 
035 |9 AAG7594AM 
040 |c HRM  |d TXA  |d UtOrBLW 
049 |a TXAM  |c [469258] 
050 0 0 |a HD3888  |b .U6 
082 0 |a 352 
092 |a 351.8  |b U67p 
110 2 |a W.E. Upjohn Institute for Employment Research. 
245 1 0 |a Public works and employment from the local government point of view ;  |b a report of the W. E. Upjohn Institute for Community Research /  |c [by] Eugene C. McKean [and] Harold C. Taylor. 
264 1 |a Chicago :  |b Public Administration Service,  |c 1955. 
300 |a xiii, 274 pages :  |b illustrations ;  |c 24 cm. 
336 |a text  |b txt  |2 rdacontent 
337 |a unmediated  |b n  |2 rdamedia 
338 |a volume  |b nc  |2 rdacarrier 
504 |a Bibliography: pages 257-266. 
650 0 |a Public works  |z United States. 
651 0 |a United States  |x Full employment policies. 
999 |a MARS 
999 f f |s 41de1c2c-2795-366a-9420-6afce49810ed  |i 802afdd7-0912-33dc-af80-acce6ac156bb  |t 0 
952 f f |p ric  |a Texas A&M University  |b Rellis Campus  |c Joint Library Facility  |d Remote Storage  |t 0  |e HD3888 .U6  |h Library of Congress classification  |i unmediated -- volume  |m A14800795466 
998 f f |a HD3888 .U6  |t 0  |l Remote Storage